000 nam a22 7a 4500
999 _c129657
_d129657
008 190528b xxu||||| |||| 00| 0 eng d
020 _a0 216 90353 X
050 _aPR3588.J76
100 _aJones, Esmor
_946539
245 _aMilton
_c/ by Esmor Jones
260 _aLondon:
_bBlackie & Son,
_c1977.
300 _a122p. ;
_c22cm.
440 _aAuthors in their age
_946540
600 _aMilton, John
_915973
942 _2lcc
_cMONOGRAPH